Financovanie 2015 Lesy - drevo medzinárodná vedecká konferencia : 20. november 2015

Bibliographic Details
Main Author: Hajdúchová, Iveta, 1958- (Author)
Corporate Author: Financovanie 2015 Lesy - Drevo Zvolen, Slovensko
Format: Conference Proceeding Software eBook
Language:Slovak
Czech
PhysicalDescription:1 elektronický optický disk (DVD-ROM) fareb. 12 cm
Published: Zvolen Vydavateľstvo Technickej univerzity 2015
ISBN:9788022828109 (elektronická kniha)
Subjects:

MARC

LEADER 00000nam a2200000 a 4500
001 vtls011427580
003 SK-MaSNL
005 20260302051419.0
007 co cg muuua
008 160430s2015 xo | fs 100 0 slo
015 |a SNBS2016 
020 |a 9788022828109 (elektronická kniha) 
040 |a SNK  |b slo  |c SNK  |e AACR2 
041 0 |a slo  |a cze 
044 |a xo  |c SK 
072 7 |a 630  |x Lesníctvo  |2 konspekt 
072 7 |a 674  |x Drevo. Drevársky priemysel  |2 konspekt 
080 |a 630.1  |2 2011 
080 |a 630.81  |2 2011 
080 |a 630  |2 2011 
080 |a 674  |2 2011 
080 |a 630.6/.7  |2 2011 
080 |a 336  |2 2011 
080 |a (0.034.44)  |2 2011 
080 |a (062.534)  |2 2011 
111 2 |a Financovanie 2015 Lesy - Drevo  |d (2015 :  |c Zvolen, Slovensko)  |9 707041 
245 1 0 |a Financovanie 2015 Lesy - drevo  |h elektronický zdroj  |b medzinárodná vedecká konferencia : 20. november 2015  |c Iveta Hajdúchová a kol. 
260 |a Zvolen  |b Vydavateľstvo Technickej univerzity  |c 2015 
300 |a 1 elektronický optický disk (DVD-ROM)  |b fareb.  |c 12 cm 
500 |a Názov z titulnej obrazovky 
500 |a Na titulnej stránke: Technická univerzita vo Zvolene, Lesnícka fakulta, Katedra ekonomiky a riadenia lesného hospodárstva 
504 |a Bibliogr. odkazy 
516 |a Textový dokument (zborník), súbory vo formáte html, pdf 
538 |a Technické požiadavky: internetový prehliadač, PDF prehliadač 
546 |a Text čiast. aj čes. 
650 0 7 |a lesy  |2 SNKPH  |9 1437 
650 0 7 |a drevo  |2 SNKPH  |9 3560 
650 0 7 |a lesné hospodárstvo  |2 SNKPH  |9 1256 
650 0 7 |a drevospracujúci priemysel  |2 SNKPH  |9 1118 
650 0 7 |a lesnícka ekonomika  |2 SNKPH  |9 75735 
650 0 7 |a financovanie  |2 SNKPH  |9 16004 
650 0 7 |a Forests  |2 SNKPHeng  |9 276135 
650 0 7 |a Wood  |2 SNKPHeng  |9 267054 
650 0 7 |a Forest management  |2 SNKPHeng  |9 267353 
650 0 7 |a Woodworking industry  |2 SNKPHeng  |9 270686 
650 0 7 |a Forest economics  |2 SNKPHeng  |9 326961 
650 0 7 |a Financing  |2 SNKPHeng  |9 324888 
655 7 |a elektronické zdroje  |2 SNKPH  |9 90954 
655 7 |a DVD-ROM  |2 SNKPH  |9 113904 
655 7 |a zborníky konferencií  |2 SNKPH  |9 70153 
655 7 |a Proceedings of conferences  |2 SNKPHeng  |9 265791 
655 7 |a Electronic resources  |2 SNKPHeng  |9 175546 
700 1 |a Hajdúchová, Iveta,  |d 1958-  |4 aut  |9 172108 
710 2 |a Technická univerzita vo Zvolene.  |b Lesnícka fakulta.  |b Katedra ekonomiky a riadenia lesného hospodárstva  |4 pbl  |9 124606 
919 |a 978-80-228-2810-9 
958 |a NB 
999 |c 1101049  |d 1102979 
952 |a SNK  |b SNK  |y PREZ  |7 0  |p 17A1176131  |o snkSCDM 7962  |i snk2015/33311  |8 0  |0 0  |1 0  |4 0  |d 2015-12-11  |l 0  |r 2026-02-24 17:29:45  |w 2026-02-24 
952 |a SNK  |b SNK  |y PREZ  |7 0  |p 17A1176130  |o snkSCDM 7962 D1  |i snk2015/33312  |8 0  |0 0  |1 0  |4 0  |d 2015-12-11  |l 0  |r 2026-02-24 17:29:45  |w 2026-02-24